Вып. 12; Ученые записки [Научно-исследовательского института геологии Арктики}

Bibliographische Detailangaben
Parent link:Ученые записки [Научно-исследовательского института геологии Арктики}/ Научно-исследовательский институт геологии Арктики. Вып. 12.— , 1963-1970
Weitere Verfasser: Урванцев Н. Н. Николай Николаевич (редактор)
Sprache:Russisch
Veröffentlicht: 1968
Schlagworte:
Format: Buch
KOHA link:https://koha.lib.tpu.ru/cgi-bin/koha/opac-detail.pl?biblionumber=370786

MARC

LEADER 00000nam2a2200000 4500
001 370786
005 20231102012320.0
035 |a (RuTPU)RU\TPU\retro\28195 
035 |a RU\TPU\retro\28193 
090 |a 370786 
100 |a 20220802d1968 k y0rusy50 ca 
101 0 |a rus 
102 |a RU 
200 0 |a Вып. 12  |f отв. ред. Н. Н. Урванцев 
210 |d 1968 
215 |a 236 с.  |c ил. 
320 |a Библиогр. в конце ст. 
461 1 |0 (RuTPU)RU\TPU\retro\28173  |t Ученые записки [Научно-исследовательского института геологии Арктики}  |f Научно-исследовательский институт геологии Арктики  |v Вып. 12  |d 1963-1970  |s Региональная геология 
606 1 |a Геология региональная  |2 stltpush  |3 (RuTPU)RU\TPU\subj\6120  |9 34078 
610 1 |a юрские отложения 
610 1 |a меловые отложения 
610 1 |a скважины 
610 1 |a Усть-Енисейская впадина 
610 1 |a палеогеография 
610 1 |a палеоген 
610 1 |a Талнахское месторождение 
610 1 |a коры выветривания 
610 1 |a тектоника 
610 1 |a Норильское месторождение 
610 1 |a фосфоритообразование 
610 1 |a Оленекское месторождение 
610 1 |a Сибирская платформа 
610 1 |a магматизм 
610 1 |a кимберлиты 
610 1 |a Игарка 
675 |a 55(1/9)  |v 4 
702 1 |a Урванцев  |b Н. Н.  |c российский геолог, географ, полярный исследователь  |c выпускник Томского Технологического института  |f 1893-1985  |g Николай Николаевич  |2 stltpush  |3 (RuTPU)RU\TPU\pers\7981  |4 340 
801 1 |a RU  |b 63413507  |c 20220729 
801 2 |a RU  |b 63413507  |c 20220802  |g RCR 
942 |c BK